<?xml version="1.0" encoding="UTF-8"?><?xml-stylesheet type="text/xsl" href="static/style.xsl"?><OAI-PMH xmlns="http://www.openarchives.org/OAI/2.0/" xmlns:xsi="http://www.w3.org/2001/XMLSchema-instance" xsi:schemaLocation="http://www.openarchives.org/OAI/2.0/ http://www.openarchives.org/OAI/2.0/OAI-PMH.xsd"><responseDate>2026-05-01T13:10:51Z</responseDate><request verb="GetRecord" identifier="oai:riubu.ubu.es:10259/8885" metadataPrefix="marc">https://riubu.ubu.es/oai/request</request><GetRecord><record><header><identifier>oai:riubu.ubu.es:10259/8885</identifier><datestamp>2024-05-13T07:31:01Z</datestamp><setSpec>com_10259_8886</setSpec><setSpec>com_10259_5086</setSpec><setSpec>com_10259_2604</setSpec><setSpec>com_10259_5238</setSpec><setSpec>col_10259_8887</setSpec><setSpec>col_10259_6212</setSpec></header><metadata><record xmlns="http://www.loc.gov/MARC21/slim" xmlns:doc="http://www.lyncode.com/xoai" xmlns:xsi="http://www.w3.org/2001/XMLSchema-instance" xmlns:dcterms="http://purl.org/dc/terms/" xsi:schemaLocation="http://www.loc.gov/MARC21/slim http://www.loc.gov/standards/marcxml/schema/MARC21slim.xsd">
<leader>00925njm 22002777a 4500</leader>
<datafield tag="042" ind1=" " ind2=" ">
<subfield code="a">dc</subfield>
</datafield>
<datafield tag="720" ind1=" " ind2=" ">
<subfield code="a">García Torea, Nicolás</subfield>
<subfield code="e">author</subfield>
</datafield>
<datafield tag="720" ind1=" " ind2=" ">
<subfield code="a">Fernández Feijoo, Belén</subfield>
<subfield code="e">author</subfield>
</datafield>
<datafield tag="720" ind1=" " ind2=" ">
<subfield code="a">Cuesta, Marta de la</subfield>
<subfield code="e">author</subfield>
</datafield>
<datafield tag="260" ind1=" " ind2=" ">
<subfield code="c">2016-07</subfield>
</datafield>
<datafield tag="520" ind1=" " ind2=" ">
<subfield code="a">This paper analyzes whether effective boards of directors in addressing shareholder&#xd;
interests also prove to be effective in guaranteeing the interests of the rest of the firm’s&#xd;
stakeholders. We measure board effectiveness based on the shareholder perspective, and test&#xd;
whether it is valid for the stakeholder perspective. The novelty of this paper precisely lies in its&#xd;
approach, given that it considers both perspectives of corporate governance at a time. Using&#xd;
the transparency of sustainability reports as a proxy for the stakeholder perspective in an international sample of 2366 companies, the paper shows that effective boards are more likely to&#xd;
address the interests of both the shareholders and the rest of the firm’s stakeholders. Furthermore, we propose a measure of board effectiveness by gathering several board characteristics.&#xd;
Our results contribute to research on corporate governance and corporate social responsibility&#xd;
reporting, and it has implications for policy makers.</subfield>
</datafield>
<datafield tag="024" ind2=" " ind1="8">
<subfield code="a">2340-9436</subfield>
</datafield>
<datafield tag="024" ind2=" " ind1="8">
<subfield code="a">http://hdl.handle.net/10259/8885</subfield>
</datafield>
<datafield tag="024" ind2=" " ind1="8">
<subfield code="a">10.1016/j.brq.2016.06.001</subfield>
</datafield>
<datafield ind1=" " ind2=" " tag="653">
<subfield code="a">Corporate Governance</subfield>
</datafield>
<datafield ind1=" " ind2=" " tag="653">
<subfield code="a">Board of directors</subfield>
</datafield>
<datafield ind1=" " ind2=" " tag="653">
<subfield code="a">Effectiveness</subfield>
</datafield>
<datafield ind1=" " ind2=" " tag="653">
<subfield code="a">CSR</subfield>
</datafield>
<datafield ind1=" " ind2=" " tag="653">
<subfield code="a">Sustainability reports</subfield>
</datafield>
<datafield ind1=" " ind2=" " tag="653">
<subfield code="a">Transparency</subfield>
</datafield>
<datafield tag="245" ind1="0" ind2="0">
<subfield code="a">Board of director's effectiveness and the stakeholder perspective of corporate governance: Do effective boards promote the interests of shareholders and stakeholders?</subfield>
</datafield>
</record></metadata></record></GetRecord></OAI-PMH>